| 000 | 00359nam a22001337a 4500 | ||
|---|---|---|---|
| 020 | _a9780141340821 | ||
| 040 | _cnust | ||
| 082 |
_a823-CH _bKIN |
||
| 100 |
_aKnney, Jeff _9122945 |
||
| 245 | _a Diary Of Wimpy Kid The Ugly Truth | ||
| 260 |
_aLondon: _bPenguin Random House, _c2010. |
||
| 650 |
_aDiary Of Wimpy Kid The Ugly Truth _9122946 |
||
| 942 |
_2ddc _cBK |
||
| 999 |
_c609316 _d609316 |
||